Быстрая и качественная разработка программного обеспечения: пер. с англ.

Bibliographic Details
Main Author: Кармайкл Э. Энди
Other Authors: Хейвуд Д. Дэн
Language:Russian
Published: Москва, Вильямс, 2003
Series:Серия Питера Кода
Subjects:
Format: Book
KOHA link:https://koha.lib.tpu.ru/cgi-bin/koha/opac-detail.pl?biblionumber=48640

MARC

LEADER 00000nam0a2200000 4500
001 48640
005 20231031032038.0
010 |a 5845904064 
035 |a (RuTPU)RU\TPU\book\50941 
090 |a 48640 
100 |a 20030320d2003 km y0rusy50 ca 
101 1 |a rus  |c eng 
102 |a RU 
105 |a a z 001zy 
200 1 |a Быстрая и качественная разработка программного обеспечения  |e пер. с англ.  |f Э. Кармайкл, Д. Хейвуд 
210 |a Москва  |c Вильямс  |d 2003 
215 |a 394 с.  |c ил. 
225 1 |a Серия Питера Кода 
320 |a Библиогр.: с. 382-387 
320 |a Предм. указ.: с. 388-393 
610 1 |a информатика 
610 1 |a программное обеспечение 
610 1 |a разработка 
610 1 |a инструментальные средства 
610 1 |a Together 
610 1 |a управление 
610 1 |a моделирование 
675 |a 681.3.06  |v 3 
700 1 |a Кармайкл  |b Э.  |g Энди 
701 1 |a Хейвуд  |b Д.  |g Дэн 
801 1 |a RU  |b 63413507  |c 20030320  |g PSBO 
801 2 |a RU  |b 63413507  |c 20111206  |g PSBO 
900 |a Технология разработки программного обеспечения 
942 |c BK